Die teuersten Fußballtransfers - Torwarte - Saison 2023-2024 - Statistiken

Allgemein
  • Dieses Quiz wurde 58 mal gespielt
  • Das Durchschnittsergebnis liegt bei 6 aus 10
Antwortstatistiken
Ablöse (M €) Nationalität Abgebender Verein Aufnehmender Verein Spieler % Korrekt
50,20 Kamerun Inter Mailand Manchester United André Onana
98%
18,50 Frankreich / Senegal FC Chelsea Al-Ahli Edouard Mendy
83%
13,00 Niederlande SC Freiburg FC Brentford Mark Flekken
81%
21,00 Marokko FC Sevilla Al-Hilal Bono
79%
28,70 Spanien Brighton FC Chelsea Robert Sánchez
67%
18,50 Italien FC Empoli Tottenham Guglielmo Vicario
63%
20,00 Niederlande RSC Anderlecht Brighton Bart Verbruggen
54%
17,50 England Manchester United Crystal Palace Dean Henderson
50%
18,00 Serbien New England FC Chelsea Djordje Petrovic
35%
17,30 England Manchester City U21 FC Burnley James Trafford
29%
Keine übereinstimmenden Quizze gefunden
Verteilung der Resultate
Anzahl Personen mit jedem Resultat
Perzentil nach korrekt beantworteten Fragen
Ihre Resultats-Entwicklung
Sie haben dieses Quiz noch nicht gespielt